000 00586nam a2200169Ia 4500
008 110201s9999 xx 000 0 und d
082 _bB7407
_aS 1116
100 _aकामत विठ्ठल
245 _aइडली ऑर्किड आणि मी
260 _bमॅजेस्टिक प्रकाशन
365 _b150
600 _aकामत विठ्ठल
630 _aइडली ऑर्किड आणि मी
700 _aकामत विठ्ठल
730 _aइडली ऑर्किड आणि मी
942 _cBOOK
999 _c832933
_d832930